000 00464nam a2200181Ia 4500
003 GCL
008 140319s9999 xx 000 0 eng d
040 _aGCL /
_cGCL
082 0 4 _a574.24
_bS E
100 1 _aSHARMA, P.D.
245 1 0 _aENVIRONMENTAL BIOLOGY AND TOXICOLOGY /
_cSHARMA, P.D.
260 _a[S.N] :
_bRASTOLI AND COMPANY ،
_c1993
650 0 4 _aENVIRONMENT
650 0 4 _aBIOLOGY
650 0 4 _aPOLLUTION
650 0 4 _aTOXICOLOGY
942 _2ddc
_cBK
999 _c20334
_d20334